00868cam a2200229 a 450000100100000000500170001000800410002704000300006808200190009810000440011724500630016126000450022430000210026950400420029065100470033265100510037965100270043091000320045704900090048995201230049899900170062100001437820240422104515.0740220s1972 mx 000 0 spa  aDO-SdBNPbspacDLCdBNPHU a320.983bB142r1 aBaeza Flores, Alberto,d1914-19989756510aRadiografía política de Chile /cAlberto Baeza Flores. aMéxico :bB. Costa-Amic Editor,c1972. a412 p. ;c21 cm. aIncluye referencias bibliográficas. 4aChilexPolítica Y Gobiernoy1920-932475 4aChilexPolítica Y Gobiernoy1824-1920919307 4aChilexHistoria917855 aCatalogación por copia/LC aBNGR 001054708MOaGRbGRcCTd2009-12-10iLF1l0o320.983 B142rp14378-10r2020-06-25w2020-06-25y4ZPréstamo en sala c13970d13970